|
|
|
|
| LEADER |
01223nam a22002417a 4500 |
| 001 |
44637 |
| 003 |
BD-DhAAL |
| 005 |
20250826171933.0 |
| 008 |
250826t1994 bg |||| |||| 00| 0 ben d |
| 040 |
|
|
|a BD-DhAAL
|c BD-DhAAL
|
| 041 |
|
|
|a ben
|
| 082 |
|
|
|a 891.44371
|2 23
|
| 245 |
|
|
|a মহাকাশে মহাত্রাস /
|c মুহম্মদ জাফর ইকবাল.
|
| 260 |
|
|
|a ঢাকা :
|b জ্ঞানকোষ প্রকাশনী,
|c ১৯৯৪.
|
| 300 |
|
|
|a ৪৬ পৃষ্ঠা ;
|c ২২ সে.মি.
|
| 500 |
|
|
|a তৃতীয় প্রকাশ
|
| 541 |
|
|
|a Donated by Farhana Zahir, Assistant Professor, BRAC Business School, BRAC University
|e 44637
|
| 650 |
|
|
|a Science fiction, Bengali.
|9 58796
|
| 650 |
|
|
|a Bengali literature.
|
| 852 |
|
|
|a Ayesha Abed Library
|c General Stacks
|
| 942 |
|
|
|2 ddc
|c BK
|
| 999 |
|
|
|c 47416
|d 47416
|
| 952 |
|
|
|0 0
|1 0
|2 ddc
|4 0
|6 891_443710000000000_IQB
|7 0
|9 78049
|a BRACUL
|b BRACUL
|c GEN
|d 2025-08-26
|e Donated by Farhana Zahir, Assistant Professor, BRAC Business School, BRAC University
|g 30.00
|l 2
|o 891.44371 IQB
|p 3010044637
|r 2025-11-09
|s 2025-11-02
|t 1
|v 60.00
|w 2025-08-26
|y BK
|x Donated by Farhana Zahir, Assistant Professor, BRAC Business School, BRAC University
|